[Event "Ch Yugoslavia"]
[Site "masterchessopen.com Kragujevac (Yugoslavia)"]
[Round "0"]
[White "Gligoric Svetozar (SRB)"]
[Black "Stupica Janez (SLO)"]
[Result "1-0"]
[WhiteElo "2447"]
[BlackElo "2262"]

1.e4 c5 2.Nf3 Nc6 3.d4 cxd4 4.Nxd4 g6 5.c4 Nf6 6.Nc3 Nxd4 7.Qxd4 d6 8.Be2 Bg7
9.Be3 O-O 10.Qd2 Be6 11.Rc1 Qa5 12.b3 Rfc8 ( { ? } 12...a6 ) 13.Bf3 { ! }
13...Ng4 14.Bxg4 Bxg4 15.O-O Be6 16.f4 a6 { ? } 17.f5 gxf5 18.exf5 Bxc3 (
18...Bxf5 19.Nd5 { ! } 19...Qxd2 20.Nxe7+ { ± } ) 19.Rxc3 Bxf5 20.b4 { ! }
20...Qe5 21.Bd4 Qe4 22.Re3 Qc2 23.Rg3+ Kf8 24.Qg5 Bg6 25.c5 { ! } 25...Rc6
26.h4 dxc5 ( 26...e5 27.cxd6 { ± } ) 27.Bxc5 Qe2 28.Re3 Qh5 29.Qxe7+ Kg8
30.Qe8+ {#r} 1-0

[Event "Ch Yugoslavia"]
[Site "masterchessopen.com Ljubljana (Slovenia)"]
[Round "0"]
[White "Janosevic Dragoljub (YUG)"]
[Black "Parma Bruno (SLO)"]
[Result "0-1"]
[WhiteElo "2330"]
[BlackElo "2480"]

1.e4 c5 2.Nf3 Nc6 3.d4 cxd4 4.Nxd4 g6 5.c4 Nf6 6.Nc3 Nxd4 7.Qxd4 d6 8.Be2 Bg7
9.Be3 O-O 10.Qd2 Qa5 11.O-O Be6 12.Rac1 Rfc8 13.b3 a6 14.Bf3 Rab8 15.Ba7 Ra8
16.Bd4 b5 17.Qe3 bxc4 18.e5 dxe5 19.Bb6 Qb4 20.Bxa8 Ng4 21.Qe4 Qxb6 22.Na4 Qb8
23.Qe2 e4 24.g3 cxb3 25.Bd5 Rxc1 26.Rxc1 Bxd5 27.Qxg4 Be6 28.Qd1 bxa2 29.Nc5
Bb2 30.Nxe6 fxe6 31.Kg2 Bxc1 32.Qxc1 {#R} 0-1

[Event "Cup European Club"]
[Site "masterchessopen.com Stockholm (Sweden)"]
[Round "5"]
[White "Olsson Ake (SWE)"]
[Black "Hecht Hans-Joachim (GER)"]
[Result "0-1"]
[WhiteElo "2255"]
[BlackElo "2379"]

1.e4 c5 2.Nf3 Nc6 3.d4 cxd4 4.Nxd4 g6 5.c4 Nf6 6.Nc3 Nxd4 7.Qxd4 d6 8.Be2 Bg7
9.Bg5 O-O 10.Qe3 Qa5 11.O-O Be6 12.f4 Rfe8 13.Nd5 Bxd5 14.exd5 b5 15.b3 bxc4
16.bxc4 Rab8 17.f5 Rb2 18.fxg6 hxg6 19.Bd3 Ng4 20.Qe4 Qc5+ 21.Kh1 Nf2+ 22.Rxf2
Qxf2 23.Rf1 Qd4 24.Qf3 Bf6 25.Qh3 Rf8 26.Bxf6 exf6 27.Re1 Rxa2 28.Bxg6 fxg6
29.Qg3 Kg7 {#R} 0-1

[Event "It"]
[Site "masterchessopen.com Bled (Slovenia)"]
[Round "0"]
[White "Tal Mikhail N (LAT)"]
[Black "Parma Bruno (SLO)"]
[Result "1-0"]
[WhiteElo "2520"]
[BlackElo "2480"]

1.e4 c5 2.Nf3 Nc6 3.d4 cxd4 4.Nxd4 g6 5.c4 Nf6 6.Nc3 Nxd4 7.Qxd4 d6 8.Be2 Bg7
9.Be3 O-O 10.Rc1 Qa5 11.Qd2 Be6 12.b3 Rfc8 13.O-O a6 14.f4 b5 15.f5 Bd7
16.fxg6 hxg6 17.c5 { ! } ( 17.e5 dxe5 ( { ? } 17...b4 18.exf6 bxc3 19.Rxc3
Bxf6 20.Rxf6 { ! } 20...exf6 21.Bf3 { ? } ) 18.Rxf6 ) 17...Be6 ( 17...b4
18.Nd5 Nxd5 19.exd5 dxc5 20.Bc4 ) 18.Bf3 { ! } 18...dxc5 { ! } 19.e5 Ng4 { !?
} ( 19...Nd7 20.Bxa8 Rxa8 21.Qf2 Nxe5 22.Bxc5 Nd3 23.Qf3 { ± } ) 20.Bxa8 Bxe5
21.Bd5 { ! } 21...Nxe3 22.Bxe6 Rd8 ( 22...Nxf1 23.Rxf1 fxe6 ( 23...Bxc3 24.Qh6
{ ! } ) 24.Qd7 ) 23.Qf2 { ! } 23...Nf5 24.Qe2 { ! } 24...Bd4+ 25.Kh1 fxe6 (
25...Bxc3 26.Bxf5 gxf5 27.Qxe7 { +?? } ) 26.Qxe6+ Kg7 27.Ne4 Qc7 28.Ng5 Rf8
29.Qxf5 {#r} 1-0

[Event "It"]
[Site "masterchessopen.com Bad Liebenstein (Germany)"]
[Round "2"]
[White "Gipslis Aivars (LAT)"]
[Black "Jansa Vlastimil (CZE)"]
[Result "1-0"]
[WhiteElo "2429"]
[BlackElo "2478"]

1.e4 c5 2.Nf3 Nc6 3.d4 cxd4 4.Nxd4 g6 5.c4 Nf6 6.Nc3 Nxd4 7.Qxd4 d6 8.c5 Bg7
9.Bb5+ Bd7 10.cxd6 Bxb5 11.Nxb5 O-O 12.O-O exd6 13.Nc3 Re8 14.Qd3 Qa5 15.Bf4
Rad8 16.Rad1 Qb4 17.Bg5 Rd7 18.Bxf6 Bxf6 19.Nd5 Qxb2 20.Rd2 Qe5 21.Qh3 Rdd8
22.f4 Qe6 23.Qxe6 Rxe6 24.f5 Bg5 25.fxe6 fxe6 26.Nf4 e5 27.Ne6 Be3+ 28.Kh1
{#r} 1-0

[Event "Olympiad (students) (team)"]
[Site "masterchessopen.com Krakow (Poland)"]
[Round "0"]
[White "Kavalek Lubomir (USA)"]
[Black "Stefanov Plamen (BUL)"]
[Result "1-0"]
[WhiteElo "2527"]
[BlackElo "2204"]

1.e4 c5 2.Nf3 Nc6 3.d4 cxd4 4.Nxd4 g6 5.c4 Nf6 6.Nc3 Nxd4 7.Qxd4 d6 8.c5 Bg7
9.Bb5+ Bd7 10.cxd6 O-O 11.O-O Bxb5 12.Nxb5 exd6 13.Qd3 Qe7 14.Nc3 Rfe8 15.Bg5
Qe6 16.f3 Qe5 17.Qd2 Nd7 18.Rad1 Nb6 19.Bf4 Qc5+ 20.Qf2 Nc4 21.Rd5 Qxf2+
22.Rxf2 b6 23.Nb5 Rad8 24.b3 Ne5 25.Rc2 Bf8 26.Rcd2 Nc6 27.Bxd6 Bxd6 28.Rxd6
Rxd6 29.Rxd6 {#r} 1-0

[Event "Tournament"]
[Site "masterchessopen.com Kiev (Ukraine)"]
[Round "0"]
[White "Vitolins Alvis (LAT)"]
[Black "Telman Valeri (UKR)"]
[Result "1-0"]
[WhiteElo "2435"]
[BlackElo "2235"]

1.e4 c5 2.Nf3 Nc6 3.d4 cxd4 4.Nxd4 g6 5.c4 Nf6 6.Nc3 Nxd4 7.Qxd4 d6 8.Be2 Bg7
9.Be3 O-O 10.Qd2 Be6 11.O-O Qa5 12.Rac1 Rfc8 13.b3 a6 14.f4 b5 15.f5 Bd7
16.fxg6 hxg6 17.c5 dxc5 18.e5 Ng4 19.Bf3 Nxe3 20.Qxe3 Ra7 21.Nd5 Be6 22.Rxc5
Rd8 23.Rc6 Rad7 24.Rxe6 fxe6 25.Bg4 Rxd5 26.Bxe6+ Kh7 27.Qh3+ Bh6 28.Rf7+ Kg8
29.Rxe7+ Kf8 30.Qf3+ {#r} 1-0

[Event "It"]
[Site "masterchessopen.com Athens (Greece)"]
[Round "0"]
[White "Ciocaltea Viktor (ROM)"]
[Black "Parma Bruno (SLO)"]
[Result "0-1"]
[WhiteElo "2420"]
[BlackElo "2480"]

1.e4 c5 2.Nf3 Nc6 3.d4 cxd4 4.Nxd4 g6 5.c4 Nf6 6.Nc3 Nxd4 7.Qxd4 d6 8.c5 Bg7
9.Bb5+ Bd7 10.cxd6 Bxb5 11.Nxb5 O-O 12.O-O a6 13.dxe7 Qxe7 14.Nc3 Rfe8 15.Re1
Rad8 16.Qa4 Nxe4 17.Nxe4 Qxe4 18.Qxe8+ Rxe8 19.Rxe4 Rxe4 20.Kf1 Rc4 21.Be3
Bxb2 22.Rb1 Rc2 23.a4 b5 24.axb5 axb5 25.Ke1 b4 26.Kd1 b3 27.h4 f5 28.g3 Kf7
{#R} 0-1

[Event "It"]
[Site "masterchessopen.com Belgrade (Yugoslavia)"]
[Round "0"]
[White "Geller Efim P (RUS)"]
[Black "Ostojic Predrag (YUG)"]
[Result "0-1"]
[WhiteElo "2455"]
[BlackElo "2325"]

1.e4 c5 2.Nf3 Nc6 3.d4 cxd4 4.Nxd4 g6 5.c4 Nf6 6.Nc3 Nxd4 7.Qxd4 d6 8.Be2 Bg7
9.O-O O-O 10.Qe3 Nd7 11.Bd2 Nc5 12.Rad1 Bd7 13.Be1 b6 14.f4 Na4 15.b3 Nxc3
16.Bxc3 Bxc3 17.Qxc3 Qc7 18.Qg3 Qc5+ 19.Kh1 Bc6 20.Bd3 a5 21.Qh4 Ra7 22.Rf3 f5
23.Rh3 e6 24.Qe1 fxe4 25.Bxe4 Rxf4 26.Bxc6 Qxc6 27.Qxe6+ Raf7 28.Rhd3 Qe4 {#R}
0-1

[Event "Ch Europe (juniors)"]
[Site "masterchessopen.com Groningen (Netherlands)"]
[Round "5"]
[White "Schaufelberger Heinz (SUI)"]
[Black "Ribli Zoltan (HUN)"]
[Result "0-1"]
[WhiteElo "2312"]
[BlackElo "2588"]

1.e4 c5 2.Nf3 g6 3.d4 cxd4 4.Nxd4 Nc6 5.c4 Nf6 6.Nc3 Nxd4 7.Qxd4 d6 8.Be2 Bg7
9.O-O O-O 10.Qe3 a6 11.Bd2 Be6 12.b3 Rc8 13.Rac1 Bd7 14.a4 Ng4 15.Bxg4 Bxg4
16.f4 Bd7 17.f5 Rc5 18.Qd3 b5 19.axb5 axb5 20.Nxb5 Bxb5 21.cxb5 Qb6 22.Rxc5
dxc5 23.fxg6 {#R} 0-1

[Event "Ch Europe (team)"]
[Site "masterchessopen.com Kapfenberg (Austria)"]
[Round "0"]
[White "Smejkal Jan (CZE)"]
[Black "Visier Segovia Fernando (ESP)"]
[Result "1-0"]
[WhiteElo "2504"]
[BlackElo "2233"]

1.e4 c5 2.Nf3 Nc6 3.d4 cxd4 4.Nxd4 g6 5.c4 Nf6 6.Nc3 Nxd4 7.Qxd4 d6 8.Be3 Bg7
9.f3 O-O 10.Qd2 Be6 11.Rc1 Nd7 12.Be2 Rc8 13.b3 a6 14.O-O Ne5 15.f4 Nc6 16.f5
Bd7 17.Nd5 Rb8 18.f6 exf6 19.Bb6 Qe8 20.Nxf6+ Bxf6 21.Rxf6 Qxe4 22.Rxd6 Ne5
23.Re1 Bc6 24.Bd1 Qf5 25.Rf1 Qc8 26.Qg5 f5 27.Bd4 Qe8 28.Qg3 Nd7 29.Re1 Be4
30.Bb2 Qe7 31.Rxg6+ {#r} 1-0

[Event "It"]
[Site "masterchessopen.com Malaga (Spain)"]
[Round "3"]
[White "Kurajica Bojan (CRO)"]
[Black "Huguet Bernard (FRA)"]
[Result "1-0"]
[WhiteElo "2524"]
[BlackElo "2146"]

1.e4 c5 2.Nf3 Nc6 3.d4 cxd4 4.Nxd4 g6 5.c4 Nf6 6.Nc3 Nxd4 7.Qxd4 d6 8.Be3 Bg7
9.f3 O-O 10.Qd2 Be6 11.Rc1 Qa5 12.Nd5 Qxd2+ 13.Kxd2 Bxd5 14.cxd5 Rfc8 15.Rxc8+
Rxc8 16.g3 Nd7 17.Bh3 Rc7 18.Rc1 Rxc1 19.Kxc1 Nc5 20.Kc2 b6 21.Bc8 Kf8 22.b4
Na4 23.Ba6 f5 24.Bd2 fxe4 25.fxe4 b5 26.Bxb5 Nb6 27.Be3 e6 28.dxe6 Ke7 29.a4
Kxe6 30.a5 Nc8 31.Bf1 Ke5 32.Kd3 {#r} 1-0

[Event "It"]
[Site "masterchessopen.com Polanica Zdroj (Poland)"]
[Round "4"]
[White "Schmidt Wlodzimierz (POL)"]
[Black "Adorjan Andras (HUN)"]
[Result "1-0"]
[WhiteElo "2370"]
[BlackElo "2504"]

1.Nf3 c5 2.e4 Nc6 3.d4 cxd4 4.Nxd4 g6 5.c4 Nf6 6.Nc3 Nxd4 7.Qxd4 d6 8.Be3 Bg7
9.f3 O-O 10.Qd2 Qa5 11.Rc1 Bd7 12.Be2 Rfc8 13.O-O a6 14.Rc2 b5 15.b3 bxc4
16.Bxc4 Rc7 17.Rfc1 Rac8 18.Qf2 Rb8 19.Bd2 Qe5 20.Ne2 {#r} 1-0

[Event "Olympiad"]
[Site "masterchessopen.com Siegen (Germany)"]
[Round "17"]
[White "Lhagva Jambaldoo (MGL)"]
[Black "Peretz Malkiel (ISR)"]
[Result "0-1"]
[WhiteElo "2144"]
[BlackElo "2264"]

1.e4 c5 2.Nf3 Nc6 3.d4 cxd4 4.Nxd4 g6 5.c4 Nf6 6.Nc3 Nxd4 7.Qxd4 d6 8.Be2 Bg7
9.Bd2 O-O 10.Qe3 Be6 11.Rc1 a6 12.O-O Rc8 13.b3 Nd7 14.Nd5 Re8 15.Nf4 Nf8
16.Bc3 Bxc3 17.Rxc3 Qa5 18.Nxe6 Nxe6 19.Bg4 Rcd8 20.Rd1 Nc5 21.a4 Nxe4 22.Rcd3
Nf6 23.Bf3 Rb8 24.Bd5 Qc5 25.Qf4 b5 26.axb5 axb5 27.Rf3 bxc4 28.bxc4 Rf8 29.g4
Rb4 30.Qg3 Nxd5 31.cxd5 Rfb8 32.Rc3 Rxg4 {#R} 0-1

[Event "Olympiad"]
[Site "masterchessopen.com Siegen (Germany)"]
[Round "6"]
[White "Portisch Lajos (HUN)"]
[Black "Gheorghiu Florin (ROM)"]
[Result "1-0"]
[WhiteElo "2523"]
[BlackElo "2383"]

1.c4 c5 2.Nf3 g6 3.d4 cxd4 4.Nxd4 Nc6 5.e4 Nf6 6.Nc3 Nxd4 7.Qxd4 d6 8.Be3 Bg7
9.f3 O-O 10.Qd2 Qa5 11.Rc1 a6 12.b3 Bd7 13.Bd3 Rfc8 14.O-O b5 15.Rc2 Be6
16.cxb5 axb5 17.Rfc1 Bd7 18.Nxb5 Rxc2 19.Rxc2 Bxb5 20.Rc8+ Rxc8 21.Qxa5 Bxd3
22.b4 Nd7 23.b5 d5 24.b6 d4 25.b7 Rb8 26.Bf4 e5 27.Qc7 exf4 28.Qxd7 Be5 29.Qd5
{#r} 1-0

[Event "Memorial Parcetic"]
[Site "masterchessopen.com Sombor (Yugoslavia)"]
[Date "1970.08.18"]
[Round "14"]
[White "Masic Ljubomir (SCG)"]
[Black "Ribli Zoltan (HUN)"]
[Result "1-0"]
[WhiteElo "2254"]
[BlackElo "2588"]

1.c4 g6 2.e4 c5 3.Nf3 Nc6 4.d4 cxd4 5.Nxd4 Nf6 6.Nc3 Nxd4 7.Qxd4 d6 8.Be3 Bg7
9.f3 O-O 10.Qd2 Qa5 11.Rc1 Bd7 12.Be2 Rfc8 13.O-O a6 14.b3 b5 15.c5 Rc6
16.Rfd1 Rac8 17.Rc2 R6c7 18.Nd5 Qxd2 19.Nxe7+ Kf8 20.Rcxd2 dxc5 21.Nxc8 Bxc8
22.Bf4 {#r} 1-0

[Event "It (open)"]
[Site "masterchessopen.com Bari (Italy)"]
[Round "0"]
[White "Tatai Stefano (ITA)"]
[Black "Cosulich Roberto (ITA)"]
[Result "1-0"]
[WhiteElo "2460"]
[BlackElo "2425"]

1.e4 c5 2.Nf3 Nc6 3.d4 cxd4 4.Nxd4 g6 5.c4 Nf6 6.Nc3 d6 7.Be2 Nxd4 8.Qxd4 Bg7
9.O-O O-O 10.Qe3 Nd7 11.b3 Nc5 12.Bb2 a5 13.Rad1 b6 14.f4 Bb7 15.e5 Qb8
16.exd6 exd6 17.Bf3 Re8 18.Qd2 Bxf3 19.Rxf3 Qb7 20.f5 Rad8 21.Rdf1 Rd7 22.Kh1
Be5 23.f6 {#r} 1-0

[Event "Zt"]
[Site "masterchessopen.com Caorle (Italy)"]
[Round "17"]
[White "Ivkov Borislav (SRB)"]
[Black "Drira Ahmed"]
[Result "1-0"]
[WhiteElo "2520"]
[BlackElo "2200"]

1.Nf3 c5 2.c4 g6 3.d4 cxd4 4.Nxd4 Nc6 5.e4 Nf6 6.Nc3 Nxd4 7.Qxd4 d6 8.Be2 Bg7
9.O-O O-O 10.Qe3 a6 11.Rd1 Qc7 12.Bd2 Bd7 13.Rac1 Rac8 14.b3 Qb8 15.a4 b6
16.f3 Bc6 17.Nd5 Bxd5 18.cxd5 a5 19.Bb5 Rfd8 20.Be1 Ne8 21.Bf2 Rc5 22.Qd2 Qa7
23.Bxc5 bxc5 24.Kh1 Nc7 25.Bc4 Na6 26.Qxa5 {#r} 1-0

[Event "Tournament"]
[Site "masterchessopen.com Oberursel (Germany)"]
[Round "0"]
[White "Escher Thomas (GER)"]
[Black "Nippgen Georg (GER)"]
[Result "0-1"]
[WhiteElo "2190"]
[BlackElo "2234"]

1.e4 c5 2.Nf3 Nc6 3.d4 cxd4 4.Nxd4 g6 5.c4 Nf6 6.Nc3 d6 7.h3 Nxd4 8.Qxd4 Bg7
9.Be3 O-O 10.Qd2 Be6 11.Bd3 Rc8 12.b3 d5 13.e5 d4 14.exf6 dxe3 15.fxe3 Bxf6
16.O-O Qa5 17.Rac1 b5 18.Rxf6 exf6 19.Qf2 bxc4 {#R} 0-1

[Event "?"]
[Site "masterchessopen.com Lanzarote (Spain)"]
[Round "0"]
[White "Kavalek Lubomir (USA)"]
[Black "Visier Segovia Fernando (ESP)"]
[Result "1-0"]
[WhiteElo "2565"]
[BlackElo "2233"]

1.e4 c5 2.Nf3 Nc6 3.d4 cxd4 4.Nxd4 g6 5.c4 Nf6 6.Nc3 Nxd4 7.Qxd4 d6 8.Be2 Bg7
9.Bg5 O-O 10.Qe3 Qa5 11.O-O Be6 12.Rac1 Rfc8 13.b3 a6 14.a4 Qb4 15.Bd1 Rab8
16.Qe1 Kf8 17.Bd2 Qa3 18.Bc2 Qc5 19.Kh1 Bd7 20.f4 b5 21.e5 dxe5 22.fxe5 Ng4
23.Qh4 Nxe5 24.Qxh7 Ng4 25.Nd5 Nf2+ 26.Rxf2 Qxf2 27.Bh6 {#r} 1-0

[Event "Ch DDR"]
[Site "masterchessopen.com Potsdam (Germany)"]
[Round "19"]
[White "Liebert Heinz (GER)"]
[Black "Rossmann Helmut (GER)"]
[Result "1-0"]
[WhiteElo "2445"]
[BlackElo "2264"]

1.Nf3 c5 2.c4 Nc6 3.d4 cxd4 4.Nxd4 g6 5.e4 Nf6 6.Nc3 Nxd4 7.Qxd4 d6 8.Be3 Bg7
9.f3 O-O 10.Qd2 Be6 11.Rc1 Qa5 12.Bd3 Rfc8 13.b3 a6 14.Na4 Qxd2+ 15.Kxd2 Nd7
16.f4 f5 17.Rhe1 Rc6 18.Bf2 Nc5 19.Nxc5 dxc5 20.exf5 gxf5 21.Bxc5 Rxc5 22.Rxe6
Rd8 23.Rxe7 Rc6 24.Rce1 Bf8 25.Rxb7 a5 26.Re3 Rh6 27.Rg3+ Kh8 28.Rf7 {#r} 1-0

[Event "?"]
[Site "masterchessopen.com DDR"]
[Round "0"]
[White "Baumbach Friedrich Dr (GER)"]
[Black "Moehring Guenther (GER)"]
[Result "1-0"]
[WhiteElo "2239"]
[BlackElo "2450"]

1.Nf3 c5 2.c4 g6 3.d4 cxd4 4.Nxd4 Nc6 5.e4 Nf6 6.Nc3 d6 7.Be2 Nxd4 8.Qxd4 Bg7
9.O-O O-O 10.Qe3 Be6 11.Bd2 Qb6 12.Rad1 Qxb2 13.Rb1 Qa3 14.Rxb7 Rfb8 15.Rfb1
Rxb7 16.Rxb7 Qa6 17.Rxe7 Bxc4 18.Bxc4 Qxc4 19.Rxa7 Re8 20.Ra4 Qc6 21.Qd3 Ng4
22.Qb5 Qc8 23.h3 Ne5 24.Nd5 {#r} 1-0

[Event "?"]
[Site "masterchessopen.com Lone Pine (USA)"]
[Round "0"]
[White "Levy David N L (SCO)"]
[Black "Silman Jeremy D (USA)"]
[Result "0-1"]
[WhiteElo "2310"]
[BlackElo "2383"]

1.e4 c5 2.Nf3 Nc6 3.d4 cxd4 4.Nxd4 g6 5.c4 Nf6 6.Nc3 Nxd4 7.Qxd4 d6 8.Bg5 Bg7
9.Qd2 O-O 10.Be2 Be6 11.Rc1 Qa5 12.O-O Rfc8 13.b3 a6 14.f4 b5 15.f5 b4 16.fxe6
bxc3 17.exf7+ Kf8 18.Qf4 Qxa2 19.e5 dxe5 20.Qxe5 Qa3 21.Bf3 Rab8 22.Ra1 Qxb3
23.Rxa6 Qb4 24.Rc6 Rxc6 25.Bxc6 c2 26.c5 Rc8 27.Re1 Rc7 28.Qe3 c1=Q 29.Rxc1
Rxc6 {#R} 0-1

[Event "Ch World (juniors) (under 20)"]
[Site "masterchessopen.com Tjentiste (Yugoslavia)"]
[Round "1"]
[White "Nurmi Peter (CAN)"]
[Black "Bach Horst (GER)"]
[Result "1-0"]
[WhiteElo "2275"]
[BlackElo "2280"]

1.e4 c5 2.Nf3 Nc6 3.d4 cxd4 4.Nxd4 g6 5.c4 Nf6 6.Nc3 d6 7.Be2 Nxd4 8.Qxd4 Bg7
9.Bg5 O-O 10.Qd2 Be6 11.Rc1 Qa5 12.f3 Rfc8 13.b3 a6 14.Na4 Qxd2+ 15.Kxd2 Nd7
16.h4 Kf8 17.g4 Rc6 18.Nc3 Bd4 19.h5 Rac8 20.Nd5 f6 21.Bh6+ Kf7 22.hxg6+ hxg6
23.Be3 Bxe3+ 24.Kxe3 Nf8 25.f4 Bxd5 26.exd5 R6c7 27.Bd3 Kg7 28.Rh2 Nh7 29.Rch1
Rh8 30.Rh6 {#r} 1-0

[Event "corr."]
[Site "masterchessopen.com DDR"]
[Round "0"]
[White "Fritsch Wolfgang (GER)"]
[Black "Brauer Christian (GER)"]
[Result "0-1"]
[WhiteElo "1856"]
[BlackElo "2115"]

1.e4 c5 2.Nf3 Nc6 3.d4 cxd4 4.Nxd4 g6 5.c4 Nf6 6.Nc3 Nxd4 7.Qxd4 d6 8.Be2 Bg7
9.O-O O-O 10.Qd3 Nd7 11.Bd2 Nc5 12.Qe3 Bd7 13.b4 Na4 14.Rac1 Nxc3 15.Bxc3 Qb6
16.Qd2 Bxc3 17.Qxc3 a5 18.b5 Rac8 19.Qd2 Be6 20.Rc3 Rc5 21.Kh1 Qc7 22.Rfc1 Kg7
23.f4 f6 24.g4 b6 25.f5 Bc8 26.Rh3 g5 27.Rh5 Bb7 28.Qe3 d5 29.h4 Qf4 30.Rc3
dxc4 31.Qxf4 gxf4 32.Rxc4 Rxc4 {#R} 0-1

[Event "Ch Czechoslovakia"]
[Site "masterchessopen.com Ostrava (Czech Republic)"]
[Round "6"]
[White "Trapl Jindrich (CZE)"]
[Black "Spacek Petr (CZE)"]
[Result "1-0"]
[WhiteElo "2336"]
[BlackElo "2398"]

1.e4 c5 2.Nf3 Nc6 3.d4 cxd4 4.Nxd4 g6 5.c4 Nf6 6.Nc3 Nxd4 7.Qxd4 d6 8.Bg5 Bg7
9.Be2 O-O 10.Qe3 Qa5 11.O-O Be6 12.Rac1 Rfc8 13.b3 a6 14.f4 Qc5 15.Qxc5 Rxc5
16.Bf3 Rb8 17.Na4 Ra5 18.c5 Bd7 19.Nb6 Bc6 20.e5 Bxf3 21.gxf3 Ne8 22.Bxe7 Rxc5
23.Nd7 Rxc1 24.Rxc1 Ra8 25.exd6 Bd4+ 26.Kg2 b5 27.Ne5 Be3 28.Rd1 Bc5 29.Nc6
{#r} 1-0

[Event "?"]
[Site "masterchessopen.com Torremolinos (Spain)"]
[Round "0"]
[White "Byrne Robert E (USA)"]
[Black "Garcia Padron Jose (ESP)"]
[Result "1-0"]
[WhiteElo "2580"]
[BlackElo "2425"]

1.e4 c5 2.Nf3 Nc6 3.d4 cxd4 4.Nxd4 g6 5.c4 Nf6 6.Nc3 Nxd4 7.Qxd4 d6 8.Bg5 Bg7
9.f3 O-O 10.Qd2 Be6 11.Rc1 Qa5 12.b3 a6 13.Nd5 Qxd2+ 14.Kxd2 Bxd5 15.cxd5 Rfc8
16.Rxc8+ Rxc8 17.g3 Kf8 18.Bh3 Rc7 19.Rc1 Rxc1 20.Kxc1 Ke8 21.Bc8 b6 22.Bxa6
Kd8 23.Bb5 h6 24.Be3 Kc7 25.Kc2 e6 26.Bc6 g5 27.Kd3 Ng8 28.Kc4 Ne7 29.Kb5 Nc8
30.Ka6 Bc3 31.Bb7 {#r} 1-0

[Event "Ch Germany (team) (final)"]
[Site "masterchessopen.com Bad Kissingen (Germany)"]
[Round "2"]
[White "Biebinger Gerhard (GER)"]
[Black "Clara Hans Joachim (GER)"]
[Result "1-0"]
[WhiteElo "2289"]
[BlackElo "2379"]

1.Nf3 c5 2.c4 g6 3.e4 Nc6 4.d4 cxd4 5.Nxd4 Nf6 6.Nc3 Nxd4 7.Qxd4 d6 8.Bg5 Bg7
9.Be2 O-O 10.Rc1 Be6 11.Qd2 Qa5 12.O-O Rfc8 13.b3 b5 14.cxb5 Rxc3 15.Rxc3 Nxe4
16.Rc8+ Rxc8 17.Qxa5 Nxg5 18.b6 axb6 19.Qxg5 {#r} 1-0

[Event "Ch OWL"]
[Site "masterchessopen.com Borgholzhausen (Germany)"]
[Round "4"]
[White "Bartelborth Thomas (GER)"]
[Black "Geisler Reinhard (GER)"]
[Result "1-0"]
[WhiteElo "2250"]
[BlackElo "1955"]

1.c4 c5 2.Nf3 g6 3.d4 cxd4 4.Nxd4 Nc6 5.e4 Nf6 6.Nc3 Nxd4 7.Qxd4 Bg7 8.c5 O-O
9.Be2 b6 10.cxb6 axb6 11.O-O d6 12.Qb4 Bb7 13.Be3 Nd7 14.Rfd1 Ra5 15.Bd4 Bxd4
16.Qxd4 Nc5 17.Bc4 Ra8 18.e5 Qd7 19.Bb5 Qf5 20.exd6 exd6 21.b4 Ne4 22.Nxe4
Bxe4 23.a4 h5 24.Re1 Bb7 25.Qxb6 Bxg2 26.Kxg2 Qg4+ 27.Kf1 Qh3+ 28.Ke2 Qg4+
29.Kd3 Qf5+ 30.Kd2 Qf4+ {#r} 1-0

[Event "It"]
[Site "masterchessopen.com Trencianske Teplice (Slovakia)"]
[Round "3"]
[White "Kholmov Ratmir D (RUS)"]
[Black "Sikora-Lerch Jan (CZE)"]
[Result "1-0"]
[WhiteElo "2432"]
[BlackElo "2430"]

1.e4 c5 2.Nf3 g6 3.d4 cxd4 4.Nxd4 Nc6 5.c4 Nf6 6.Nc3 d6 7.Be2 Nxd4 8.Qxd4 Bg7
9.Bg5 O-O 10.Qd2 Bd7 11.O-O a6 12.Rfd1 Bc6 13.Qe3 Qa5 14.Nd5 Bxd5 15.exd5 b5
16.a3 b4 17.Bf3 Rfe8 18.Qe1 Rab8 19.Bd2 Qc7 20.axb4 Qxc4 21.Bc3 Rb6 22.Be2 Qe4
23.Bxa6 Ra8 24.Qf1 Ng4 25.Bd3 Qxd5 26.Bc4 {#r} 1-0

[Event "Bundesliga 1980/81"]
[Site "masterchessopen.com Germany"]
[Round "0"]
[White "Zieher Hartmut (GER)"]
[Black "Weichert Helmut (GER)"]
[Result "1-0"]
[WhiteElo "2239"]
[BlackElo "2255"]

1.e4 c5 2.Nf3 Nc6 3.d4 cxd4 4.Nxd4 g6 5.c4 Nf6 6.Nc3 Nxd4 7.Qxd4 d6 8.Be3 Bg7
9.f3 O-O 10.Qd2 Qa5 11.Rc1 Be6 12.Be2 Rfc8 13.Nd5 Qxd2+ 14.Kxd2 Nxd5 15.exd5
Bd7 16.b3 Kf8 17.Bd3 b6 18.g4 Rab8 19.h4 f5 20.h5 Kf7 21.hxg6+ hxg6 22.Rcg1
Rh8 23.gxf5 Bxf5 24.Bxf5 Rxh1 25.Be6+ Kf6 26.Bd4# 1-0

[Event "Ch Czechoslovakia (open)"]
[Site "masterchessopen.com Hradec Kralove (Czech Republic)"]
[Round "0"]
[White "Smejkal Jan (CZE)"]
[Black "Jansa Vlastimil (CZE)"]
[Result "1-0"]
[WhiteElo "2540"]
[BlackElo "2480"]

1.c4 g6 2.e4 c5 3.Nf3 Nc6 4.d4 cxd4 5.Nxd4 Nf6 6.Nc3 d6 7.Be2 Nxd4 8.Qxd4 Bg7
9.O-O O-O 10.Qd3 Nd7 11.Bg5 Nc5 12.Qe3 Bxc3 13.bxc3 b6 14.Bh6 Re8 15.f4 Bb7
16.f5 e6 17.fxg6 fxg6 18.e5 d5 19.Rf4 Ne4 20.cxd5 exd5 21.Rxe4 dxe4 22.Bc4+
Bd5 23.Qxe4 Be6 24.Qb7 Re7 25.Bxe6+ Kh8 26.Qc6 Qe8 27.Bd5 Qxc6 28.Bxc6 Rc8
29.Bg5 {#r} 1-0

[Event "It (b)"]
[Site "masterchessopen.com Wroclaw (Poland)"]
[Round "3"]
[White "Cserna Laszlo (HUN)"]
[Black "Sikora-Lerch Jan (CZE)"]
[Result "0-1"]
[WhiteElo "2390"]
[BlackElo "2207"]

1.Nf3 c5 2.c4 g6 3.d4 cxd4 4.Nxd4 Nc6 5.e4 Nf6 6.Nc3 d6 7.Be2 Nxd4 8.Qxd4 Bg7
9.Bg5 h6 10.Be3 O-O 11.Qd2 Kh7 12.f3 Be6 13.Rc1 Qa5 14.Nb5 Qxa2 15.O-O Ne8
16.Nd4 Qa4 17.f4 Nf6 18.e5 dxe5 19.Nxe6 fxe6 20.fxe5 Nd7 21.Bd4 Qc6 22.Bd3
Nxe5 23.Bxe5 Bxe5 24.Qe2 Qc5+ 25.Kh1 Rf6 26.Rfe1 Bc7 27.Qe4 Rd8 28.Rcd1 Rd4
29.Qxb7 Qd6 30.g3 Rxd3 31.Rxd3 Qxd3 32.Qxc7 Qf3+ {#R} 0-1

[Event "Ch Czechoslovakia"]
[Site "masterchessopen.com Karvina (Czech Republic)"]
[Round "1"]
[White "Haba Petr (CZE)"]
[Black "Spacek Petr (CZE)"]
[Result "1-0"]
[WhiteElo "2502"]
[BlackElo "2398"]

1.e4 c5 2.Nf3 g6 3.d4 cxd4 4.Nxd4 Nc6 5.c4 Nf6 6.Nc3 d6 7.Be2 Nxd4 8.Qxd4 Bg7
9.Bg5 O-O 10.Qd2 Be6 11.Rc1 a6 12.f3 Rc8 13.b3 b5 14.cxb5 axb5 15.Nxb5 Rxc1+
16.Qxc1 Qa5+ 17.Qd2 Ra8 18.Nc3 h6 19.Be3 Ng4 20.Bd4 Bxd4 21.Qxd4 Rc8 22.Kd2
Qg5+ 23.Kc2 Ne3+ 24.Kb2 Qxg2 25.Re1 Qf2 26.Rf1 {#r} 1-0

[Event "Ch RLPF"]
[Site "masterchessopen.com Wittlich (Germany)"]
[Round "1"]
[White "Koerholz Ludger (GER)"]
[Black "Schlick Volker (GER)"]
[Result "1-0"]
[WhiteElo "2276"]
[BlackElo "2304"]

1.c4 c5 2.Nf3 g6 3.d4 cxd4 4.Nxd4 Nc6 5.e4 Nf6 6.Nc3 d6 7.Be2 Nxd4 8.Qxd4 Bg7
9.Be3 O-O 10.Qd2 Bd7 11.Bh6 Bc6 12.h4 Bxh6 13.Qxh6 Qa5 14.h5 g5 15.O-O Kh8
16.f4 Qb6+ 17.Kh1 Qxb2 18.Rac1 Qd2 19.Qxg5 Rg8 20.Qh4 Nxe4 21.Rfd1 Qe3 22.Nxe4
Qxe2 23.Nf2 Rxg2 {#r} 1-0